[Event "34th Chess Olympiad (women)"]
[Site "Istanbul"]
[Date "2000.10.28"]
[Round "1.39.2"]
[White "Mtine, Joy"]
[Black "Sommer, Sonja"]
[WhiteElo "2000"]
[BlackElo "2054"]
[WhiteCountry "ZAM"]
[BlackCountry "AUT"]
[Result "0-1"]

1. e4 e5 2. Nf3 Nc6 3. d4 exd4 4. Nxd4 Qf6 5. Nxc6 Bc5 6. Qd2 dxc6 7. Bd3 Ne7
8. O-O Ng6 9. a3 Be6 10. Nc3 O-O-O 11. Na4 Bd4 12. Qa5 h6 13. Be3 Kb8 14. Bxd4
Qxd4 15. Qb4 Nf4 16. Nc5 Qxb4 17. axb4 Nxd3 18. cxd3 Rd4 19. Nxe6 fxe6 20. Rfd1
Rxb4 21. Ra2 Rd8 22. f3 Rb3 23. Kf2 Rbxd3 24. Rxd3 Rxd3 25. Ke2 Rd4 26. Ke3 c5
27. Kf4 Rd2 28. g4 c4 29. Ke5 c3 30. bxc3 Rxa2 31. Kxe6 Rf2 32. Kd7 Rxf3 33. e5
Rxc3 34. e6 Re3 35. e7 a5 36. e8=Q+ Rxe8 37. Kxe8 a4 38. Kf7 a3 39. Kxg7 a2 40.
Kxh6 a1=Q 41. h4 Qh8+ 42. Kg5 b5 43. h5 b4 44. Kg6 b3 0-1

[Event "34th Chess Olympiad (women)"]
[Site "Istanbul"]
[Date "2000.10.28"]
[Round "1.39.3"]
[White "Krasser, Margit"]
[Black "Banda, Mercy"]
[WhiteElo "2061"]
[BlackElo "2000"]
[WhiteCountry "AUT"]
[BlackCountry "ZAM"]
[Result "1-0"]

1. d4 g6 2. Nf3 Bg7 3. g3 d6 4. Bg2 Bd7 5. c4 c6 6. Nc3 Qa5 7. O-O Bg4 8. h3
Bxf3 9. Bxf3 Nd7 10. Qd3 Qd8 11. b4 Rb8 12. Rb1 Qc8 13. Bf4 e5 14. Ne4 Qc7 15.
dxe5 dxe5 16. Be3 b6 17. Nd6+ Ke7 18. Rfe1 Ngf6 19. c5 Rhd8 20. Qc4 Rf8 21.
cxb6 axb6 22. Nb5 Qd8 23. Qxc6 Qc8 24. Qd6+ Kd8 25. Bg5 Re8 26. Bxf6+ Bxf6 27.
Qxf6+ Re7 28. Qh8+ Re8 29. Qxe8+ Kxe8 30. Nd6+ Ke7 31. Nxc8+ Rxc8 32. Rbc1 Rxc1
33. Rxc1 Kd6 34. Rc6+ Ke7 35. a4 f5 36. Bd5 e4 37. a5 Nf6 38. Rxf6 1-0

[Event "34th Chess Olympiad (women)"]
[Site "Istanbul"]
[Date "2000.10.28"]
[Round "1.40.1"]
[White "Al-Sherkh Khade, Wasila"]
[Black "Batceceg, Tuvshintogs"]
[WhiteElo "2000"]
[BlackElo "2237"]
[WhiteCountry "SYR"]
[BlackCountry "MGL"]
[Result "0-1"]

1. e4 c5 2. Nf3 d6 3. d4 cd4 4. Nd4 Nf6 5. Nc3 Nc6 6. Be2 e5 7. Nb3 Be7 
8. 0-0 O-O 9. Be3 a5 10. a4 Be6 11. f3 Nb4 12. Qd2 d5 13. ed5 Nbd5 14. Nd5 Nd5 
15. Rfd1 Qc7 16. Bd3 Ne3 17. Qe3 Bb3 18. Qe4 f5 19. Qe2 Be6 20. Re1 Bf6 
21. Rac1 Rac8 22. b3 Rfe8 23. Bb5 Bd7 24. Bc4+ Kh8 25. Qf2 Qc5 26. Rcd1 Qf2+ 
27. Kf2 Bc6 28. Re2 
0-1

[Event "34th Chess Olympiad (women)"]
[Site "Istanbul"]
[Date "2000.10.28"]
[Round "1.40.2"]
[White "Mongontuul, Bathuyang"]
[Black "Al -Jindi, Nibal"]
[WhiteElo "2110"]
[BlackElo "2000"]
[WhiteCountry "MGL"]
[BlackCountry "SYR"]
[Result "1-0"]

1. e4 c6 2. d4 d5 3. e5 Bf5 4. Nc3 e6 5. g4 Bg6 6. Nge2 h6 7. h4 Nd7 8. Be3 Bb4 
9. Qd2 Ne7 10. O-O-O Be4 11. Rh3 Nb6 12. Kb1 Nc4 13. Qc1 Bh7 14. a3 Ba5 
15. Na4 Qc7 16. Nf4 Ne3 17. Qe3 b5 18. Nc5 b4 19. Na6 Qb6 20. a4 b3 21. Qb3 Qb3 
22. Rb3 Rc8 23. Nh5 Rg8 24. Rb7 Bb6 25. b4 Ra8 26. b5 Rc8 27. Nc5 cb5 
28. Bb5+ Nc6 29. Nd7 Bc2+ 30. Kc2 Nd4+ 31. Kb2 Nb5 32. ab5 Bf2 33. Nb8 Bh4 
34. Nc6 g6 35. Nf6+ Bf6 36. ef6 Ra8 37. Re7+ Kf8 38. Ne5 Rh8 39. Rf7+ Kg8 
40. Rg7+ Kf8 41. Ng6+ 
1-0

[Event "34th Chess Olympiad (women)"]
[Site "Istanbul"]
[Date "2000.10.28"]
[Round "1.40.3"]
[White "Khalifeh, Diana"]
[Black "Anhchimeg, Bayanmonh"]
[WhiteElo "2000"]
[BlackElo "2139"]
[WhiteCountry "SYR"]
[BlackCountry "MGL"]
[Result "1/2-1/2"]

1. e4 c5 2. Nc3 Nc6 3. g3 d6 4. Bg2 Nf6 5. d3 g6 6. h3 Bg7 7. Be3 Nd4 
8. Qd2 Bd7 9. Nge2 e5 10. Nd1 Rc8 11. c3 Ne2 12. Qe2 O-O 13. O-O Be6 14. c4 Nd7 
15. Nc3 Nb8 16. Nd5 f5 17. f4 Nc6 18. Qd2 Qd7 19. Kh2 Kh8 20. Rf2 fe4 
21. de4 ef4 22. Bf4 Bd4 23. Be3 Rf2 24. Qf2 Be3 25. Qe3 Qg7 26. Qd2 Ne5 
27. Rc1 Rf8 28. b3 g5 29. Qe2 Bh3 30. Bh3 g4 31. Rf1 gh3 32. Rf8+ Qf8 33. Kh3 
1/2-1/2

[Event "34th Chess Olympiad (women)"]
[Site "Istanbul"]
[Date "2000.10.28"]
[Round "1.41.1"]
[White "Hund, Barbara"]
[Black "Wiesuriya, Vineetha"]
[WhiteElo "2292"]
[BlackElo "2000"]
[WhiteCountry "SUI"]
[BlackCountry "SRI"]
[Result "1-0"]

1. e4 c5 2. Nf3 d6 3. d4 cxd4 4. Nxd4 Nf6 5. Nc3 a6 6. f4 e6 7. Qf3 Nbd7 
8. g4 h6 9. Be2 Qb6 10. Nb3 Nc5 11. Be3 Qc7 12. Rg1 b5 13. Nxc5 dxc5 
14. g5 hxg5 15. fxg5 Nd7 16. Bf4 e5 17. Bg3 Bb7 18. O-O-O c4 19. Rgf1 Nb6 
20. Qf5 Bd6 21. Rxd6 Qxd6 22. Qxf7+ Kd8 23. Rd1 Bd5 24. Nxd5 Rf8 25. Qxg7 Nd7 
26. Nb6 Qxd1+ 27. Bxd1 Nxb6 28. Qxf8+ Kd7 29. Qc5 Rb8 30. Bg4+ 
1-0

[Event "34th Chess Olympiad (women)"]
[Site "Istanbul"]
[Date "2000.10.28"]
[Round "1.41.2"]
[White "Konama, Anupama"]
[Black "Ramseier, Jana S"]
[WhiteElo "2000"]
[BlackElo "2156"]
[WhiteCountry "SRI"]
[BlackCountry "SUI"]
[Result "0-1"]

1. Nf3 g6 2. g3 Bg7 3. Bg2 d6 4. d4 Nf6 5. O-O O-O 6. c4 Na6 7. Nc3 c6 
8. a3 Bg4 9. Re1 Re8 10. e4 Qc7 11. h3 Bxf3 12. Qxf3 Nd7 13. Qd3 e5 14. d5 Nac5 
15. Qc2 a5 16. Be3 a4 17. Rad1 Bf8 18. h4 Qa5 19. Bh3 Nb6 20. Bf1 Ra6 
21. Na2 Nbd7 22. Nb4 Rb6 23. Bh3 Nf6 24. Bd2 Qa8 25. Bg5 Ncd7 26. Be3 Nb8 
27. dxc6 bxc6 28. Bc5 dxc5 29. Na2 Qb7 30. Rb1 Qa6 31. Bf1 Rb7 32. Nc3 Ra7 
33. Red1 Be7 34. Rd2 Nbd7 35. Rbd1 Nf8 36. Ra1 Ne6 37. Ne2 Rb8 38. Bh3 Nd4 
39. Nxd4 cxd4 40. Bf1 Rab7 41. Ra2 Rb3 42. Rd3 Qb7 43. Rd2 Qa7 44. Rd3 Bc5 
45. Rd2 Rxg3+ 46. Kh2 Rgb3 47. Bd3 
0-1

[Event "34th Chess Olympiad (women)"]
[Site "Istanbul"]
[Date "2000.10.28"]
[Round "1.41.3"]
[White "Gruenenwald, Evi"]
[Black "Rathayake, Chandra"]
[WhiteElo "2038"]
[BlackElo "2000"]
[WhiteCountry "SUI"]
[BlackCountry "SRI"]
[Result "1-0"]

1. d4 e6 2. c4 d5 3. Nf3 Nf6 4. Nc3 Bd6 5. Bg5 Nbd7 6. cd5 ed5 7. Nd5 c6 
8. Nc3 Qb6 9. Qc2 h6 10. Bd2 O-O 11. e3 Re8 12. Bc4 Nf8 13. h3 Ng6 14. Qg6 Be6 
15. Be6 Re6 16. Qc2 Rae8 17. Rc1 Qd8 18. O-O Bb8 19. Rfe1 Qe7 20. e4 Ne4 
21. Ne4 Re4 22. Re4 Qe4 23. Qe4 Re4 24. Re1 Re1+ 25. Be1 Kf8 26. Bb4+ Ke8 
27. Kf1 Kd7 28. Bf8 g6 29. Bh6 Ke6 30. Ke2 Kd5 31. Kd3 a6 32. Bf8 b6 33. Ng5 f5 
34. Nf3 Bf4 35. b3 Bc7 36. Nh4 Bd8 37. Ng6 Bf6 38. Ne7+ Be7 39. Be7 Ke6 40. Bd8 
1-0

[Event "34th Chess Olympiad (women)"]
[Site "Istanbul"]
[Date "2000.10.28"]
[Round "1.42.1"]
[White "Al-Gurshi, Buthaina"]
[Black "Mateus, Martha"]
[WhiteElo "2000"]
[BlackElo "2318"]
[WhiteCountry "YEM"]
[BlackCountry "COL"]
[Result "0-1"]

1. e4 c5 2. Nf3 d6 3. Bc4 Nc6 4. Nc3 a6 5. d3 Nf6 6. O-O e6 7. Bg5 Be7 
8. Re1 O-O 9. a3 h6 10. Bh4 b5 11. Bb3 Bb7 12. e5 de5 13. Ne5 Ne5 14. Re5 Qd4 
15. Bg3 Rad8 16. Rb1 Qd7 17. Re1 Qc6 18. f3 c4 19. Ba2 Bd6 20. b3 cd3 
21. a4 Qc3 22. cd3 Qd4+ 
0-1

[Event "34th Chess Olympiad (women)"]
[Site "Istanbul"]
[Date "2000.10.28"]
[Round "1.42.2"]
[White "Palao, Maricela"]
[Black "Abdulsalam, Rawidah"]
[WhiteElo "2159"]
[BlackElo "2000"]
[WhiteCountry "COL"]
[BlackCountry "YEM"]
[Result "1-0"]

1. d4 Nf6 2. c4 d5 3. cd5 Nd5 4. e4 Nb6 5. Nc3 e6 6. Nf3 Bb4 7. Bd3 h6 
8. a3 Bc3+ 9. bc3 O-O 10. O-O Nc6 11. a4 a5 12. Qe2 Qe7 13. Ba3 Qe8 14. Bf8 Qf8 
15. e5 Ne7 16. Qe4 Ng6 17. Nh4 Qe7 18. Ng6 fg6 19. Qg6 Bd7 20. Qh7+ Kf8 
21. f4 Nd5 22. Bg6 Qh4 23. Qh8+ Ke7 24. Qg7+ 
1-0

[Event "34th Chess Olympiad (women)"]
[Site "Istanbul"]
[Date "2000.10.28"]
[Round "1.42.3"]
[White "Raweh, Adeela"]
[Black "Ortiz, Nadya"]
[WhiteElo "2000"]
[BlackElo "2000"]
[WhiteCountry "YEM"]
[BlackCountry "COL"]
[Result "0-1"]

1. e4 e5 2. Nf3 Nc6 3. Bc4 Bc5 4. Nc3 Nf6 5. h3 d6 6. d3 a6 7. a3 Qe7 
8. Qe2 Be6 9. Be6 Qe6 10. Be3 Bd4 11. Qd2 O-O-O 12. Na4 Ba7 13. b3 d5 
14. Ng5 Qd7 15. Rb1 Rhe8 16. c3 b5 17. Ba7 Na7 18. d4 h6 19. Nc5 Qe7 
20. Nf3 ed4 21. Qd4 de4 22. Qb4 ef3+ 
0-1